Rozvoj malého a stredného podnikania vo vybranom regióne diplomová práca

Saved in:
Bibliographic Details
Main Author: Dudáš, Vladimír
Corporate Author: Podnikovohospodárska fakulta EU so sídlom v Košiciach. Katedra ekonómie
Other Authors: Stričík, Michal, 1969-
Format: Book
Language:Slovak
Published: Košice 2010
Tags: Add Tag
No Tags, Be the first to tag this record!

MARC

LEADER 00000nam$a2200000$$$4500
001 0123482
005 20240827092945.6
041 0 |a slo 
044 |a SK 
245 1 0 |a Rozvoj malého a stredného podnikania vo vybranom regióne  |b diplomová práca  |c Vladimír Dudáš ; škol. Michal Stričík 
264 1 |a Košice  |c 2010 
300 |a 76 s. 
100 1 |a Dudáš, Vladimír 
700 1 |a Stričík, Michal, 1969- 
710 2 |a Podnikovohospodárska fakulta EU so sídlom v Košiciach. Katedra ekonómie